Reviviendo nuestros páramos : (Registro nro. 8713)

Detalles MARC
000 -CABECERA
Campo de control 01149nam a22002297a 4500
005 - FECHA Y HORA DE LA ULTIMA TRANSACCION
Campo de control 20200104041629.0
008 - ELEMENTOS DE LONGITUD FIJA—INFORMACION GENERAL
Campo de control 170914s2011 ck a gr 00010 spa d
041 ## - IDIOMA
Código de idioma para texto/pista de sonido o título separado Español
044 ## - PAÍS DE PUBLICACIÓN
País de publicación Colombia
082 04 - NUMERO DE CLASIFICACION DECIMAL DEWEY
Número de clasificación 577.38
Número del ítem V29r
100 1# - ASIENTO PRINCIPAL--NOMBRE PERSONAL
Nombre personal Vargas-Ríos, Orlando
245 10 - MENCION DE TITULO
Título Reviviendo nuestros páramos :
Parte restante del título restauración ecológica de páramos /
260 3# - PUBLICACION, DISTRIBUCION, ETC. (PIE DE IMPRENTA)
Lugar de publicación, distribución, etc. [Bogotá?] :
Nombre del editor, distribuidor, etc. Instituto Alexander von Humboldt
-- Proyecto Páramo Andino,
Fecha de publicación, distribución, etc. 2011
300 ## - DESCRIPCION FISICA
Extensión 183 p. :
Otros detalles físicos il. ;
Dimensiones 28 cm.
650 #4 - ASIENTO SECUNDARIO DE MATERIA - TERMINO TEMATICO
Término temático o nombre geográfico como elemento de entrada Protección del medio ambiente
650 #4 - ASIENTO SECUNDARIO DE MATERIA - TERMINO TEMATICO
Término temático o nombre geográfico como elemento de entrada Restauración ecológica
Subdivisión general páramos
650 #4 - ASIENTO SECUNDARIO DE MATERIA - TERMINO TEMATICO
Término temático o nombre geográfico como elemento de entrada Educación ambiental
942 ## - ELEMENTOS ADICIONALES (KOHA)
Sistema de clasificación Dewey Decimal Classification
Tipo de ítem Libro
Koha issues (borrowed), all copies 6
Existencias
Withdrawn status Lost status Sistema de Clasificación Damaged status No para préstamo Colección Inventariado Ubicación Permanente Ubicación actual Fecha de adquisición Fuente de Valor Valor Total Checkouts Número topográfico Inventario / Código de Barras Date last seen Date checked out Ejemplar Price effective from Forma de adquisición Tipo de material
    Dewey Decimal Classification     Humboldt Inventariado 2017 Bogotá Bogotá 17/09/2014 Instituto 50000.00 8 IAVH-577.38 V29r 038377 12/03/2019 12/03/2019 Ej. 1 17/09/2014 Institucional Libro
    Dewey Decimal Classification     Humboldt Inventariado 2017 Bogotá Bogotá 24/09/2014 Instituto 50000.00 1 IAVH-577.38 V29r 034785 08/01/2019 08/01/2019 Ej. 2 24/09/2014 Institucional Libro